Krematórium

Saved in:
Bibliographic Details
Main Author: Lakotová, Anna (Author)
Other Authors: Hraška, Jozef (Thesis advisor)
Format: Manuscript Book
Language:Slovak
Published: 2019
Subjects:
Online Access:http://is.stuba.sk/zp/portal_zp.pl?podrobnosti=145275
https://opac.crzp.sk/?fn=detailBiblioForm&sid=3BEC39B52C756B70CD0412A5CC71
Tags: Add Tag
No Tags, Be the first to tag this record!

MARC

LEADER 00000ntm a22000003a 4500
001 stuzp72954
003 SK-STU
005 20230606122916.5
007 ta
008 150427s2015----xo-----f-mn---000-0-slo-d
040 |a STU  |b slo 
041 0 |a slo 
100 1 |a Lakotová, Anna  |u 010180  |k Z4  |4 aut  |U SvF Stavebná fakulta  |T SvF Katedra konštrukcií pozemných stavieb  |X 62836  |U V180  |Y 18  |7 62836 
242 0 1 |a Crematory  |y eng 
245 1 0 |a Krematórium 
260 |c 2019 
650 4 |a priestorová akustika  |2 slo 
650 4 |a diplomová práca  |2 slo 
650 4 |a krematórium  |2 slo 
650 4 |a crematorium  |2 eng 
650 4 |a spatial acoustic  |2 eng 
650 4 |a diploma thesis  |2 eng 
700 1 |a Hraška, Jozef  |u 010180  |k Z1  |4 ths  |U SvF Stavebná fakulta  |T SvF Katedra konštrukcií pozemných stavieb  |X 899  |U V180  |Y 18  |7 A000000899 
856 4 |u http://is.stuba.sk/zp/portal_zp.pl?podrobnosti=145275 
856 4 |u https://opac.crzp.sk/?fn=detailBiblioForm&sid=3BEC39B52C756B70CD0412A5CC71